A short textbook of chemical pathology / (Record no. 3444)

MARC details
000 -LEADER
fixed length control field 00875nac a22002531u 4500
010 ## - LIBRARY OF CONGRESS CONTROL NUMBER
LC control number 008360825
020 ## - INTERNATIONAL STANDARD BOOK NUMBER
International Standard Book Number 0340175613
022 ## - INTERNATIONAL STANDARD SERIAL NUMBER
International Standard Serial Number 0340175605
082 ## - DEWEY DECIMAL CLASSIFICATION NUMBER
Classification number 616.0756
Item number B2682
090 ## - LOCALLY ASSIGNED LC-TYPE CALL NUMBER (OCLC); LOCAL CALL NUMBER (OCLC)
-- 3444
-- 3444
100 ## - MAIN ENTRY--PERSONAL NAME
Personal name Baron, D. N. (Denis Ne
245 ## - TITLE STATEMENT
Title A short textbook of chemical pathology /
Statement of responsibility, etc D.N. Baron.
250 ## - EDITION STATEMENT
Edition statement 3rd ed.
260 ## - PUBLICATION, DISTRIBUTION, ETC. (IMPRINT)
Place of publication, distribution, etc London :
Name of publisher, distributor, etc English Universities Press, C.1972.
Date of publication, distribution, etc C.1972.
300 ## - PHYSICAL DESCRIPTION
Extent viii,247p. :
Other physical details ill. ;
Dimensions 23cm.
500 ## - GENERAL NOTE
General note Donations.
500 ## - GENERAL NOTE
General note Donations - Bibliotheca Alexandrina.
500 ## - GENERAL NOTE
General note Previous ed. 1969.
504 ## - BIBLIOGRAPHY, ETC. NOTE
Bibliography, etc Includes Index.
650 ## - SUBJECT ADDED ENTRY--TOPICAL TERM
Topical term or geographic name as entry element Chemistry, Medical and theoretical.
650 ## - SUBJECT ADDED ENTRY--TOPICAL TERM
Topical term or geographic name as entry element Medicine Diagnosis Chemical analysis
942 ## - ADDED ENTRY ELEMENTS (KOHA)
Item type Book - Borrowing
Call number prefix 616.0756B2682
Holdings
Withdrawn status Item status Source of classification or shelving scheme Damaged status Not for loan Home library Current library Shelving location Date acquired Source of acquisition Total Checkouts Full call number Barcode Date last seen Koha item type
    Dewey Decimal Classification     Central Library Central Library First floor 07/04/2011 Purchase   616.0756 BAR 000030306 15/07/2025 Book - Borrowing